| 000 | 00799cam a22002657a 4500 | ||
|---|---|---|---|
| 008 | 150207s2002 sp 000 0 cat d | ||
| 020 | _a9788429738056 | ||
| 040 |
_aEG-GiCUC _bspa _cEG-GiCUC |
||
| 092 | 0 | 4 |
_a862.64 _bS214t _221 |
| 099 |
_a04 _a862.64 S214t |
||
| 100 | 1 |
_aSande, Miguel , _d1961- |
|
| 245 | 1 | 0 |
_a39 veces chao / _cMiguel Sande. |
| 246 | 0 | 3 | _aTrintanove veces chao |
| 250 | _a1. ed. | ||
| 260 |
_aA Coruña : _bDeputación Provincial da Coruña , _c[2002] . |
||
| 300 |
_a87 p. ; _c18 cm. |
||
| 600 | 1 | 0 |
_aSande, Miguel , _d1961- |
| 650 | 0 |
_aSpanish drama _y20th century. |
|
| 653 | 0 | _aTeatro-Espana-Siglo XX. | |
| 902 | _a1 | ||
| 905 |
_aJamal _eRev. |
||
| 905 |
_aJihan _eCat. |
||
| 942 |
_2ddc _cBK |
||
| 999 |
_c137512 _d137512 |
||